Southville International School and Colleges
Your cart is empty.
  • Cart
  • Lists
    Public lists Eva Luna New books Lux_list list_1
    Your lists Log in to create your own lists
  • Log in to your account
  • Your cookies
  • Search history
Southville International School and Colleges
  • Advanced search
  • Recent comments
  • Most popular
  • Libraries

Log in to your account

Log in with GOOGLE


If you do not have an external account, but do have a local account, you can still log in:

  1. Home
  2. MARC view: Welcome to the Green Village /
Normal view MARC view ISBD view

Welcome to the Green Village / (Record no. 290635)

[ view plain ]
MARC details
000 -LEADER
fixed length control field 00431nam a2200145Ia 4500
008 - FIXED-LENGTH DATA ELEMENTS--GENERAL INFORMATION
fixed length control field 160216s9999 xx 000 0 und d
100 ## - MAIN ENTRY--PERSONAL NAME
Personal name Van Wijk, A.J.M.
245 ## - TITLE STATEMENT
Title Welcome to the Green Village /
245 ## - TITLE STATEMENT
Statement of responsibility, etc A.J.M. Van Wijk.
260 ## - PUBLICATION, DISTRIBUTION, ETC. (IMPRINT)
Name of publisher, distributor, etc IOS Press
260 ## - PUBLICATION, DISTRIBUTION, ETC. (IMPRINT)
Date of publication, distribution, etc 2013
650 ## - SUBJECT ADDED ENTRY--TOPICAL TERM
General subdivision Sustainable Housing.
650 ## - SUBJECT ADDED ENTRY--TOPICAL TERM
General subdivision Urban policy and urban studies.
856 ## - ELECTRONIC LOCATION AND ACCESS
Uniform Resource Identifier <a href="http://ebooks.iospress.nl/book/welcome-to-the-green-village">http://ebooks.iospress.nl/book/welcome-to-the-green-village</a>
Holdings
Withdrawn status Lost status Damaged status Home library Current library Date acquired Total Checkouts Date last seen Price effective from Koha item type
      College Library College Library 02/16/2016   02/16/2016 02/16/2016 Curriculum - Based eBooks

Welcome to the Green Village /

APA

Van Wijk A., .Welcome to the Green Village. : IOS Press.

Chicago

Van Wijk A.J.M, .Welcome to the Green Village. : IOS Press.

Harvard

Van Wijk A., .Welcome to the Green Village. : IOS Press.

MLA

Van Wijk A.J.M, .: IOS Press. .

  • Place hold
  • Print
  • Cite
  • Add to your cart (remove)
  • Save record
    BIBTEX Dublin Core MARCXML MARC (non-Unicode/MARC-8) MARC (Unicode/UTF-8) MARC (Unicode/UTF-8, Standard) MODS (XML) RIS
  • More searches
    Search for this title in:
    Other Libraries (WorldCat) Other Databases (Google Scholar) Online Stores (Bookfinder.com) Open Library (openlibrary.org)

Exporting to Dublin Core...

SOUTHVILLE LIBRARY

Southville International School and Colleges Library

1281 Tropical Ave. Cor. Luxembourg St., BF Homes International, Las Pinas City

Tel. No. 8256374 / 252358 Loc. 117/146

Powered by Koha